Menimba yang jernih

Bibliographic Details
Main Author: Abdul Samad Ismail
Format: Book
Published: Kuala Lumpur : Creative Enterprise Sdn.Bhd. , 1995

MARC

LEADER 00000cam a2200000 7i4500
001 0000007291
002 000007843
005 20010309.0
020 |a 9838932302 
090 0 0 |a F   |b ABD 
100 0 |a Abdul Samad Ismail 
245 1 0 |a Menimba yang jernih   |c Abdul Samad Ismail 
260 |a Kuala Lumpur :   |b Creative Enterprise Sdn.Bhd. ,   |c 1995 
300 |a 194p. ;   |c 18cm. 
999 |a 052126   |b BUKU   |c PINJAMAN   |e PERPUSTAKAAN KOMUNITI PETALING JAYA 
999 |a 052127   |b BUKU   |c PINJAMAN   |e PERPUSTAKAAN KOMUNITI PETALING JAYA 
999 |a 052128   |b BUKU   |c PINJAMAN   |e PERPUSTAKAAN KOMUNITI PETALING JAYA 
999 |a 098913   |b BUKU   |c FICTION   |e PERPUSTAKAAN KOMUNITI PETALING JAYA